Gotthilf Samuel Steinbart
| Titel: | Gotthilf Samuel Steinbart / Lothar Meißner |
|---|---|
| Verfasser: | |
| In: |
Ostdeutsche Gedenktage, (2009), Seite 61-65 alle Artikel anzeigen |
| Veröffentlicht: | 2010 |
| Format: | Aufsatz |
| Sprache: | Deutsch |
X
alg: 42525218 001A $03025:26-01-18 001B $01999:26-01-18 $t23:10:05.000 001C $03025:26-01-18 $t13:51:01.000 001D $03025:26-01-18 001U $0utf8 001X $00 002@ $0Aou 002C $aText $btxt $2rdacontent 002D $aohne Hilfsmittel zu benutzen $bn $2rdamedia 002E $aBand $bnc $2rdacarrier 003@ $0425252183 007A $0425252183 $aHEB 010@ $ager 010E $erda 011@ $a2010 021A $aGotthilf Samuel Steinbart $hLothar Meißner 028A $BVerfasser $4aut $7 $8Meißner, Lothar [Tnd] $9145388662 031A $h61-65 $j2009 039B $aEnthalten in $8--Abvc--. Ostdeutsche Gedenktage. - Bonn : Kulturstiftung der Vertriebenen, 1965-[2018] $x200900000000000939 $9047761881 044K $#Steinbart, Gotthelf Samuel $#Steinbart, Gotth. Sam. $#Steinbart, Gotthilf S. $#Steinbart, G. S. $7117245976 $8Steinbart, Gotthilf Samuel$Z1738-1809 [Tp1] $9151064911 045T $a8,1 lok: 42525218 78 exp: 42525218 78 1 #EPN 201B/01 $031-01-18 $t12:11:37.000 201C/01 $026-01-18 201U/01 $0utf8 203@/01 $01016451598 208@/01 $a26-01-18 $be 209A/01 $a/ $f000 $x00 209A/01 $ab*p $x01 220C/01 $awma 244Z/01 $#Theologians $#Théologiens $#Teólogos $#Theologe $#Theologen $74059756-8 $8--Ts1--Theologe $x01 $9085166243 244Z/01 $#Schlesien $#Schlesien $#Herzogtum Schlesien $#Herzogtum Schlesien Schlesien $#Provinz Schlesien $#Śla̜sk $#Slezsko $#Silesia $74052678-1 $8--Tg1--Schlesien $x02 $9085146781 244Z/01 $#Protestant churches Clergy $#Catholic Church Clergy $#Pasteurs (religion) $#Curés (prêtres) $#Iglesias protestantes Clero $#Pfarrer $#Pastor $74132592-8 $8--Ts1--Pfarrer $x03 $9085477753 244Z/01 $#Pédagogues $#Pädagoge $#Pädagogen $#Erziehungswissenschaftler $74044300-0 $8--Ts1--Pädagoge $x04 $9085124362 247C/01 $82080>Marburg/Lahn, Herder-Institut, Forschungsbibliothek, Bibliographieportal $9336309341
| LEADER | 00000caa a2200000 c 4500 | ||
|---|---|---|---|
| 001 | 425252183 | ||
| 003 | DE-603 | ||
| 005 | 20180126231005.0 | ||
| 007 | tu | ||
| 008 | 180126s2010 xx |||| | u00||u|ger c | ||
| 035 | |a (DE-599)HEB425252183 | ||
| 040 | |a DE-603 |b ger |c DE-603 |d DE-603 |e rda | ||
| 041 | |a ger | ||
| 084 | |a 8,1 |2 ssgn | ||
| 100 | 1 | |a Meißner, Lothar |e Verfasser |4 aut |0 (DE-603)145388662 | |
| 245 | 0 | 0 | |a Gotthilf Samuel Steinbart |c Lothar Meißner |
| 264 | 0 | |c 2010 | |
| 336 | |a Text |b txt |2 rdacontent | ||
| 337 | |a ohne Hilfsmittel zu benutzen |b n |2 rdamedia | ||
| 338 | |a Band |b nc |2 rdacarrier | ||
| 600 | 1 | 7 | |a Steinbart, Gotthilf Samuel |d 1738-1809 |0 (DE-588)117245976 |0 (DE-603)151064911 |2 gnd |
| 773 | 0 | 8 | |i Enthalten in |t Ostdeutsche Gedenktage |d Bonn : Kulturstiftung der Vertriebenen, 1965-[2018] |g (2009), Seite 61-65 |w (DE-603)047761881 |w (DE-600)521278-9 |
| 924 | 0 | |9 2080 |a (DE-603)1016451598 |b DE-2080 |c HES |d d |g / | |


